书目信息 |
| 题名: |
巴黎地图随身GO
|
|
| 作者: | 高章敏 图/文 | |
| 分册: | ||
| 出版信息: | 桂林 广西师范大学出版社 2010 |
|
| 页数: | 187页 | |
| 开本: | 21cm | |
| 丛书名: | ||
| 单 册: | ||
| 中图分类: | K956.59 | |
| 科图分类: | ||
| 主题词: | 导游--巴黎 | |
| 电子资源: | ||
| ISBN: | 978-7-5633-9829-4 | |
| 000 | 00915nam0 2200277 450 | |
| 001 | 339661 | |
| 005 | 20150608160420.43 | |
| 010 | @a978-7-5633-9829-4@dCNY29.80 | |
| 100 | @a20101122d2010 em y0chiy50 ea | |
| 101 | 0 | @achi |
| 102 | @aCN@b450000 | |
| 105 | @aab z 000yy | |
| 106 | @ar | |
| 200 | 1 | @a巴黎地图随身GO@Aba li di tu sui shen GO@d= Paris guide & map@f高章敏[等]图/文@zeng |
| 210 | @a桂林@c广西师范大学出版社@d2010 | |
| 215 | @a187页@c图, 地图@d21cm | |
| 304 | @a编著者还有:陈婉瑛、陈淑萍、刘怡如、洪诗茵 | |
| 305 | @a由日月文化出版股份有限公司授权出版 | |
| 312 | @a原著作名:自游巴黎地图集 | |
| 330 | @a本书内容包括巴黎的政区地图、景区地图、四大主题地图, 并介绍了第一次玩巴黎的行前准备等。 | |
| 510 | 1 | @aParis guide & map@zeng |
| 606 | 0 | @a导游@y巴黎 |
| 690 | @aK956.59@v5 | |
| 701 | 0 | @a高章敏@Agao zhang min@4图/文 |
| 801 | 0 | @aCN@b卓展宏图@c20150525 |
| 905 | @dK956.59@e351@f4 | |
| 巴黎地图随身GO= Paris guide & map/高章敏[等]图/文.-桂林:广西师范大学出版社,2010 |
| 187页:图, 地图;21cm |
| ISBN 978-7-5633-9829-4:CNY29.80 |
| 本书内容包括巴黎的政区地图、景区地图、四大主题地图, 并介绍了第一次玩巴黎的行前准备等。 |
| ● |
| 相关链接 |
|
|
|
|
正题名:巴黎地图随身GO
索取号:K956.59/351
 
预约/预借
| 序号 | 登录号 | 条形码 | 馆藏地/架位号 | 状态 | 备注 |
| 1 | 863549 | 208635495 | 第二样本阅览室/ [索取号:K956.59/351] | 在馆 | |
| 2 | 863550 | 208635501 | 第二借阅区/ [索取号:K956.59/351] | 在馆 | |
| 3 | 863551 | 208635510 | 第二借阅区/ [索取号:K956.59/351] | 在馆 | |
| 4 | 863552 | 208635529 | 密集书库-资源管理系/ [索取号:K956.59/351] | 在馆 |